Peças - Statistics

Estatísticas Gerais
  • Esse quiz foi jogado 761 vezes
  • A pontuação média é 29 de 195
Answers on the Grid
Answers color-coded by a green-red scale on the quiz's grid according to % correct below.
XXX
XXX
XXX
XXX
XXX
XXX
XXX
XXX
XXX
XXX
XXX
XXX
XXX
XXX
XXX
XXX
XXX
XXX
XXX
XXX
XXX
XXX
XXX
XXX
XXX
XXX
XXX
XXX
XXX
XXX
XXX
XXX
XXX
XXX
XXX
XXX
XXX
XXX
XXX
XXX
XXX
XXX
XXX
XXX
XXX
XXX
XXX
XXX
XXX
XXX
XXX
XXX
XXX
XXX
XXX
XXX
XXX
XXX
XXX
XXX
XXX
XXX
XXX
XXX
XXX
XXX
XXX
XXX
XXX
XXX
XXX
XXX
XXX
XXX
XXX
XXX
XXX
XXX
XXX
XXX
XXX
XXX
XXX
XXX
XXX
XXX
XXX
XXX
XXX
XXX
XXX
XXX
XXX
XXX
XXX
XXX
XXX
XXX
XXX
XXX
XXX
XXX
XXX
XXX
XXX
XXX
XXX
XXX
XXX
XXX
XXX
XXX
XXX
XXX
XXX
XXX
XXX
XXX
XXX
XXX
XXX
XXX
XXX
XXX
XXX
XXX
XXX
XXX
XXX
XXX
XXX
XXX
XXX
XXX
XXX
XXX
XXX
XXX
XXX
XXX
XXX
XXX
XXX
XXX
XXX
XXX
XXX
XXX
XXX
XXX
XXX
XXX
XXX
XXX
XXX
XXX
XXX
XXX
XXX
XXX
XXX
XXX
XXX
XXX
XXX
XXX
XXX
XXX
XXX
XXX
XXX
XXX
XXX
XXX
XXX
XXX
XXX
XXX
XXX
XXX
XXX
XXX
XXX
XXX
XXX
XXX
XXX
XXX
XXX
XXX
XXX
XXX
XXX
XXX
XXX
XXX
XXX
XXX
XXX
XXX
 
Estatísticas das Respostas
Resposta % Correto
XXX
29%
XXX
25%
XXX
24%
XXX
24%
XXX
22%
XXX
22%
XXX
22%
XXX
22%
XXX
22%
XXX
22%
XXX
21%
XXX
21%
XXX
21%
XXX
20%
XXX
20%
XXX
20%
XXX
20%
XXX
20%
XXX
20%
XXX
20%
XXX
20%
XXX
20%
XXX
20%
XXX
20%
XXX
20%
XXX
20%
XXX
18%
XXX
18%
XXX
18%
XXX
18%
XXX
18%
XXX
18%
XXX
18%
XXX
18%
XXX
18%
XXX
18%
XXX
18%
XXX
18%
XXX
18%
XXX
18%
XXX
18%
XXX
18%
XXX
18%
XXX
18%
XXX
18%
XXX
18%
XXX
18%
XXX
18%
XXX
18%
XXX
17%
XXX
17%
XXX
17%
XXX
17%
XXX
17%
XXX
17%
XXX
17%
XXX
17%
XXX
17%
XXX
17%
XXX
17%
XXX
17%
XXX
17%
XXX
17%
XXX
17%
XXX
17%
XXX
17%
XXX
17%
XXX
17%
XXX
17%
XXX
17%
XXX
17%
XXX
17%
XXX
17%
XXX
17%
XXX
17%
XXX
17%
XXX
17%
XXX
16%
XXX
16%
XXX
16%
XXX
16%
XXX
16%
XXX
16%
XXX
16%
XXX
16%
XXX
16%
XXX
16%
XXX
16%
XXX
16%
XXX
16%
XXX
16%
XXX
16%
XXX
16%
XXX
16%
XXX
16%
XXX
16%
XXX
16%
XXX
16%
XXX
16%
XXX
16%
XXX
16%
XXX
14%
XXX
14%
XXX
14%
XXX
14%
XXX
14%
XXX
14%
XXX
14%
XXX
14%
XXX
14%
XXX
14%
XXX
14%
XXX
14%
XXX
14%
XXX
14%
XXX
14%
XXX
14%
XXX
14%
XXX
14%
XXX
14%
XXX
13%
XXX
13%
XXX
13%
XXX
13%
XXX
13%
XXX
13%
XXX
13%
XXX
13%
XXX
13%
XXX
13%
XXX
13%
XXX
13%
XXX
13%
XXX
13%
XXX
13%
XXX
13%
XXX
13%
XXX
13%
XXX
13%
XXX
13%
XXX
13%
XXX
12%
XXX
12%
XXX
12%
XXX
12%
XXX
12%
XXX
12%
XXX
12%
XXX
12%
XXX
12%
XXX
12%
XXX
12%
XXX
12%
XXX
12%
XXX
12%
XXX
12%
XXX
12%
XXX
12%
XXX
12%
XXX
12%
XXX
12%
XXX
12%
XXX
12%
XXX
11%
XXX
11%
XXX
11%
XXX
11%
XXX
11%
XXX
11%
XXX
11%
XXX
11%
XXX
11%
XXX
11%
XXX
11%
XXX
11%
XXX
11%
XXX
11%
XXX
9%
XXX
9%
XXX
9%
XXX
9%
XXX
9%
XXX
9%
XXX
9%
XXX
9%
XXX
9%
XXX
9%
XXX
8%
XXX
8%
XXX
8%
XXX
8%
XXX
8%
XXX
8%
XXX
7%
XXX
7%
Nenhum quiz correspondente encontrado
Distribuição das Pontuações
Porcentagem de Pessoas com Cada Pontuação
Percentil de Números Respondidos
Sua Pontuação Histórica
Você não jogou esse quiz